Five Biggest Cities by Letter - All Alphabet - Statistics

General Stats
  • This quiz has been taken 13 times
  • The average score is 92 of 130
Answer Stats
Letter Country Population Position Answer % Correct
A Ethiopia 6,21M #68 Addis Ababa
100%
A Turkey 6,61M #78 Ankara
100%
B Thailand 11,53M #31 Bangkok
100%
B China 22,98M #8 Beijing
100%
B Colombia 11,92M #27 Bogota
100%
B Argentina 15,89M #17 Buenos Aires
100%
C Egypt 23,535M #5 Cairo
100%
C India 12,62M #26 Chennai
100%
D Tanzania 8,97M #45 Dar es Saalaam
100%
D India 35,51M #2 Delhi
100%
G Mexico 5,65M #77 Guadalajara
100%
G Guatemala 3,30M #153 Guatemala City
100%
H Vietnam 5,76 #75 Hanoi
100%
H Vietnam 10,06M #36 Ho Chi Minh City
100%
J Indonesia 11,84M #28 Jakarta
100%
J Saudi Arabia 5,09M #87 Jeddah
100%
J South Africa 6,55M #61 Johannesburg
100%
K India 16,15M #16 Kolkata
100%
L Nigeria 17,80M #14 Lagos
100%
L Peru 11,67M #29 Lima
100%
L United Kingdom 9,92M #38 London
100%
M Spain 6,83M #60 Madrid
100%
M Philippines 15,53M #18 Manila
100%
M Mexico 23,01M #7 Mexico City
100%
M Russia 12,75M #25 Moscow
100%
M India 22,53M #9 Mumbai
100%
N Kenya 6,00M #71 Nairobi
100%
N United States 8,34M #50 New York City
100%
O Norway 1,13M #542 Oslo
100%
O Canada 1,47M #386 Ottawa
100%
P France 11,41M #32 Paris
100%
Q Ecuador 2,048M #270 Quito
100%
R Brazil 14,02M #23 Rio de Janeiro
100%
R Italy 4,36M #111 Rome
100%
S Brazil 23,16M #4 Sao Paulo
100%
S South Korea 10,05M #37 Seoul
100%
T Iran 9,84M #39 Tehran
100%
T Israel 4,73M #97 Tel Aviv
100%
T Japan 36,95M #1 Tokyo
100%
T Canada 6,55M #62 Toronto
100%
U Mongolia 1,74M #320 Ulaanbaataar
100%
V Canada 2,73M #196 Vancouver
100%
X China 9,40M #41 Xi'an
100%
Y Cameroon 5,02M #91 Yaounde
100%
Z Switzerland 1,45M #392 Zurich
100%
A Ivory Coast 6,25M #67 Abidjan
91%
A Egypt 5,92M #72 Alexandria
91%
E Canada 1,60M #352 Edmonton
91%
F Sierra Leone 1,43M #401 Freetown
91%
I Pakistan 1,33M #445 Islamabad
91%
I Turkey 16,41M #15 Istanbul
91%
I Turkey 3,18M #165 Izmir
91%
J India 4,51M #101 Jaipur
91%
K D. R. Congo 18,55M #11 Kinshasa
91%
K Malaysia 9,17M #43 Kuala Lumpur
91%
L Pakistan 15,23M #19 Lahore
91%
L Angola 10,42M #33 Luanda
91%
O Japan 18,87M #10 Osaka
91%
R Brazil 4,38M #109 Recife
91%
R Saudi Arabia 8,07M #52 Riyadh
91%
S China 31,04M #3 Shanghai
91%
A India 9,27M #42 Ahmedabad
82%
B India 14,77M #22 Bangalore
82%
C China 10,16M #35 Chengdu
82%
C Dhaka 5,79M #74 Chittagong
82%
C China 18,53M #12 Chongqing
82%
D Cameroon 4,49M #102 Douala
82%
F Japan 5,45M #81 Fukuoka
82%
G China 15,14 #20 Guangzhou
82%
G Ecuador 3,29M #155 Guayaquil
82%
I Nigeria 4,29M #115 Ibadan
82%
K Pakistan 18,52M #13 Karachi
82%
K Sudan 6,98M #59 Khartoum
82%
N Japan 9,51M #40 Nagoya
82%
N China 10,38M #34 Nanjing
82%
O Burkina Faso 3,68M #137 Ouagadougou
82%
P Brazil 4,29M #114 Porto Alegre
82%
W China 8,98M #44 Wuhan
82%
X China 4,14M #122 Xiamen
82%
Y Myanmar 5,81M #73 Yangon
82%
H China 7,18M #57 Harbin
73%
H China 7,81M #55 Hong Kong
73%
H India 11,60M #30 Hyderabad
73%
P Mexico 3,49M #148 Puebla
73%
Q China 6,32M #65 Qingdao
73%
S China 13,77M #24 Shenzhen
73%
T China 14,93M #21 Tianjin
73%
U China 5,24M #84 Urumqi
73%
F Pakistan 3,98M #128 Faisalabad
64%
I South Korea 2,88M #187 Incheon
64%
O Russia 1,81M #514 Omsk
64%
V Venezuela 2,05M #268 Valencia
64%
E Iraq 0,96M #642 Erbil
55%
P India 7,70M #56 Pune
55%
S India 8,82M #46 Surat
55%
Z China 6,28M #66 Zhengzhou
55%
D China 6,46M #63 Dalian
45%
D China 7,87M #54 Dongguan
45%
U Russia 1,14M #529 Ufa
45%
W China 4,17M #120 Wenzhou
45%
E Nigeria 0,95M #665 Enugu
36%
N China 4,46M #105 Nanning
36%
P Nigeria 3,95M #129 Port Harcourt
36%
R Pakistan 2,54M #210 Rawalpindi
36%
E Turkey 0,87M #704 Eskisehir
27%
W China 3,61M #141 Wuxi
27%
Y China 2,95M #180 Yantai
27%
Z China 2,92M #183 Zibo
27%
F China 7,93M #53 Foshan
18%
G China 3,80M #133 Guiyang
18%
U Nigeria 1,03M #598 Umuahia
18%
U Nigeria 1,45M #376 Uyo
18%
V India 2,47M #217 Vadodara
18%
V India 3,40M #226 Vijayawada
18%
V India 2,49M #215 Visakhapatnam
18%
W China 3,12M #171 Weifang
18%
X China 1,77M #314 Xining
18%
X China 2,41M #225 Xuzhou
18%
Z China 3,13M #170 Zhongshan
18%
Z China 1,96M #274 Zhuhai
18%
Q China 1,79M #307 Qinhuangdao
9%
Q China 2,00M #273 Quanzhou
9%
X China 1,83M #298 Xiangyang
9%
E China 828,59 #749 Erduosi-Ordoss
0%
F China 4,14M #123 Fuzhou Fujian
0%
J China 6,18M #70 Ji nan Shandong
0%
Q China 1,68M #326 Qiqihaer
0%
W China 3,31M #237 Wuhu Anhui
0%
Y China 2,10M #257 Yancheng Jiangsu
0%
Y China 2,21M #239 Yangzhou
0%
No matching quizzes found
Score Distribution
Percent of People with Each Score
Percentile by Number Answered
Your Score History
You have not taken this quiz